Born unfree: (Record no. 53136)
[ view plain ]
| 000 -LEADER | |
|---|---|
| fixed length control field | 00757nam a22001937a 4500 |
| 005 - DATE AND TIME OF LATEST TRANSACTION | |
| control field | 20110624112310.0 |
| 020 ## - INTERNATIONAL STANDARD BOOK NUMBER | |
| International Standard Book Number | 9780195679908 |
| Terms of availability | 650.00 |
| 037 ## - SOURCE OF ACQUISITION | |
| Source of stock number/acquisition | Oxford University Press |
| 100 ## - MAIN ENTRY--PERSONAL NAME | |
| Personal name | Weiner, Myron |
| 245 ## - TITLE STATEMENT | |
| Title | Born unfree: |
| Statement of responsibility, etc | by Myron Weiner, Neera Burra [and] Asha Bajpai |
| Remainder of title | child labour, education, and the state in India: an omnibus comprising / |
| 260 ## - PUBLICATION, DISTRIBUTION, ETC. (IMPRINT) | |
| Place of publication, distribution, etc | New Delhi |
| Name of publisher, distributor, etc | Oxford University Press |
| Date of publication, distribution, etc | 2009 |
| 270 ## - ADDRESS | |
| Address | YMCA Library Building, Jai Singh Road |
| City | New Delhi |
| Postal code | 110001 |
| 300 ## - PHYSICAL DESCRIPTION | |
| Extent | Various pagings |
| Dimensions | 24cm(Hb) |
| 700 ## - ADDED ENTRY--PERSONAL NAME | |
| Personal name | Weiner, Myron |
| 9 (RLIN) | 28758 |
| 700 ## - ADDED ENTRY--PERSONAL NAME | |
| Personal name | Burra, Neera |
| 9 (RLIN) | 28759 |
| 700 ## - ADDED ENTRY--PERSONAL NAME | |
| Personal name | Bajpai, Asha |
| 9 (RLIN) | 28760 |
| 942 ## - ADDED ENTRY ELEMENTS (KOHA) | |
| Source of classification or shelving scheme | Dewey Decimal Classification |
| Item type | English Books |
| Call number suffix | WEI |
| Withdrawn status | Lost status | Not for loan | Home library | Current library | Date acquired | Cost, normal purchase price | Full call number | Cost, replacement price | Koha item type |
|---|---|---|---|---|---|---|---|---|---|
| Andrews Gunj | Andrews Gunj | 24/06/2011 | 650.00 | WEI | 650.00 | English Books |
